<?xml version="1.0" encoding="UTF-8"?>
<collection xmlns="http://www.loc.gov/MARC21/slim">
 <record>
  <leader>01290nam a2200205Ia 4500</leader>
  <controlfield tag="001">CTU_140631</controlfield>
  <controlfield tag="008">210402s9999    xx            000 0 und d</controlfield>
  <datafield tag="020" ind1=" " ind2=" ">
   <subfield code="c">25000</subfield>
  </datafield>
  <datafield tag="082" ind1=" " ind2=" ">
   <subfield code="a">624.1821</subfield>
  </datafield>
  <datafield tag="082" ind1=" " ind2=" ">
   <subfield code="b">K305</subfield>
  </datafield>
  <datafield tag="100" ind1=" " ind2=" ">
   <subfield code="a">Đoàn, Định Kiến</subfield>
  </datafield>
  <datafield tag="245" ind1=" " ind2="0">
   <subfield code="a">Thiết kế kết cấu thép nhà công nghiệp</subfield>
  </datafield>
  <datafield tag="245" ind1=" " ind2="0">
   <subfield code="c">Đoàn Định Kiến (chủ biên), Phạm Văn Tư, Nguyễn Quang Viên</subfield>
  </datafield>
  <datafield tag="260" ind1=" " ind2=" ">
   <subfield code="a">Hà Nội</subfield>
  </datafield>
  <datafield tag="260" ind1=" " ind2=" ">
   <subfield code="b">Khoa học và Kỹ thuật</subfield>
  </datafield>
  <datafield tag="260" ind1=" " ind2=" ">
   <subfield code="c">2008</subfield>
  </datafield>
  <datafield tag="520" ind1=" " ind2=" ">
   <subfield code="a">Sách dùng các quy phạm, tiêu chuẩn hiện hành ở nước ta:  Tiêu chuẩn thiết kế kết cấu thép TCVN 5575 - 91; Tiêu chuẩn tải trọng TCVN 2737 - 90; các tiêu chuẩn cán thép nóng TCVN 1564 - 75 đến 1657 - 75. Với những quy phạm tiêu chuẩn ta không có thì dùng các quy phạm, tiêu chuẩn tương ứng mới nhất của nước ngoài.</subfield>
  </datafield>
  <datafield tag="650" ind1=" " ind2=" ">
   <subfield code="a">Steel, structural,Structural engineering,Xây dựng, sắt và thép,Xây dựng dân dụng,Thép, cấu trúc,Kỹ thuật kết cấu,Building, iron and steel,Civil engineering</subfield>
  </datafield>
  <datafield tag="904" ind1=" " ind2=" ">
   <subfield code="i">Q. Hiếu</subfield>
  </datafield>
  <datafield tag="980" ind1=" " ind2=" ">
   <subfield code="a">Trung tâm Học liệu Trường Đại học Cần Thơ</subfield>
  </datafield>
 </record>
</collection>
